000 01805nam a2200265Ia 4500
999 _c52390
_d52390
001 19410
003 GE_BSU
005 20200331170412.0
008 181216s1940||||ge |||||||||||||| ||geo||
040 _cGE_BSU
041 _ageo
080 _a811.353.1(058) მ-80
245 _aმოამბე, V-VI აკად. ნ. მარის სახელობის ენის, ისტორიისა და მატერიალური კულტურის ინსტიტუტის მოამბე = Известия института языка, истории и материальной культуры им. акад. Н.Я. Марра = Bulletin De L'Institut Marr De Langues, D'Histoire et De Culture Materielle /
_cრედ. სიმონ ჯანაშია.
264 _aთბილისი :
_bმეცნიერებათა აკადემიის საქართველოს ფილიალის გამომცემლობა,
_c1940
300 _a706 გვ. ;
_c25 სმ.
490 _a(ენიმკის) მოამბე
520 _a(ენიმკის) მოამბე
541 _h5ლ.
653 _a1899-1939 აკადემიკოსს ივანე ჯავახიშვილს სამეცნიერო მოღვაწეობის 40 წლისთავი
653 _aაკად.ივანე ჯავახიშვილისადმი მიძღვნილი კრებული
653 _aენათმეცნიერება
700 _aჯანაშია, სიმონ
_eრედაქტორი
_97836
710 _aსსრკ მეცნიერებათა აკადემია
_97837
942 _cBK
_2udc